000 00732cam a2200229 a 4500
001 29395
003 BD-RjUL
005 20211209051416.0
008 140403s1949 nyua b 001 0 eng d
035 _a(OCoLC)1175395
_a(BD-RjUL)29480
040 _aBD-RjUL
_beng
_cBD-RjUL
_dBD-RjUL
041 _aeng
082 _a131
_bHEO 1949
100 1 _aHebb, D. O.
_q(Donald Olding)
_988544
245 1 4 _aThe organization of behavior :
_ba neuropsychological theory /
_cD.O. Hebb.
260 _aNew York ;
_bWiley ;
_aLondon :
_bChapman & Hall,
_cc1949.
300 _axix, 335 p. :
_bill. ;
_c22 cm.
504 _a Includes index and Bibliography: p. 305-319.
650 0 _aNeuropsychology.
_938437
942 _2ddc
_cBK
999 _c29395
_d29395